000 00425nam a22001577a 4500
003 LK-CoDNM
005 20240919133119.0
008 240801b |||||||| |||| 00| 0 eng d
040 _aLK-CoDNM
_dLK-CoDNM
_eLK-CoDNM
041 _aeng
080 _bGp1963st-03
245 _aCeylon Year Book -1963
_bVolume 3
260 _aColombo
_bDepartment Of Statistic
_c1963
300 _bxxvii, 246p. : ill , map ; 24 cm
942 _cBK
999 _c146257
_d146257